000 00604nam a22002297a 4500
999 _c385352
_d385352
001 99238
003 UA-OsUOA
005 20191219112045.0
007 ta
008 20130425b un ||||| |||| 00| 0 ukr d
040 _aUA-OsUOA
_brus
_cUA-OsUOA
_dUA-OsUOA
041 _arus
080 _a821.161.1
090 _a821.161.1
_bС76
100 _aСтаднюк И.
245 _aВойна
_bроман
260 _aМ.
_bСоветский писатель
_c1985
300 _a623 с.
650 7 _a82 Література. Літературознавство
_2UDC
942 _cBK
_2udc
955 _a3